Guardians of the Galaxy - Statistics

General Stats
  • This quiz has been taken 16 times
  • The average score is 4 of 5
Answer Stats
Answer % Correct
Gamora
94%
Rocket
94%
Drax
88%
Groot
88%
Peter Quill
75%
No matching quizzes found
Score Distribution
Percent of People with Each Score
Percentile by Number Answered
Your Score History
You have not taken this quiz